European political institutions : a comparative government reader
Salvato in:
| Autore principale: | |
|---|---|
| Altri autori: | |
| Natura: | Libro |
| Pubblicazione: |
Princeton :
Van Nostrand,
c1962
|
| Serie: | Van nostrand political science series
|
| Soggetti: | |
| Tags: |
Aggiungi Tag
Nessun Tag, puoi essere il primo ad aggiungerne!!
|
MARC
| LEADER | 00000cam a22000001 4500 | ||
|---|---|---|---|
| 020 | |a NA | ||
| 040 | |a MUL |b eng. |e AACR | ||
| 082 | |a 342 AND | ||
| 100 | 1 | |a Andrews, William George, | |
| 245 | 1 | 0 | |a European political institutions : |b a comparative government reader |c / edited by William G. Andrews. |
| 260 | |a Princeton : |b Van Nostrand, |c c1962 | ||
| 300 | |a xx, 387 p. |c 23 cm. | ||
| 440 | |a Van nostrand political science series | ||
| 504 | |a Includes bibliographical references p. 361-380 and index. | ||
| 650 | 0 | |a Comparative government. | |
| 650 | 0 | |a Politics and government | |
| 650 | 0 | |a Politics, Practical | |
| 700 | |a Andrews, William George |d 1930- | ||
| 942 | |c BK | ||
| 999 | |c 725 |d 725 | ||